Precious metals Recovery & Refining (Record no. 3988)

MARC details
000 -LEADER
fixed length control field 00466nam a22001577a 4500
005 - DATE AND TIME OF LATEST TRANSACTION
control field 20170822174805.0
008 - FIXED-LENGTH DATA ELEMENTS--GENERAL INFORMATION
fixed length control field 130419b xxu||||| |||| 00| 0 eng d
040 ## - CATALOGING SOURCE
Original cataloging agency BSU
082 ## - DEWEY DECIMAL CLASSIFICATION NUMBER
Edition number 22
Classification number 669.2 PRE
100 ## - MAIN ENTRY--PERSONAL NAME
Personal name International Precious Metals institute & Manziek,Larry (editor)
9 (RLIN) 8374
245 ## - TITLE STATEMENT
Title Precious metals Recovery & Refining
260 ## - PUBLICATION, DISTRIBUTION, ETC. (IMPRINT)
Place of publication, distribution, etc USA
Name of publisher, distributor, etc International Precious Metals Institute
Date of publication, distribution, etc 1989
300 ## - PHYSICAL DESCRIPTION
Extent xi;153p
658 ## - INDEX TERM--CURRICULUM OBJECTIVE
Main curriculum objective Management
942 ## - ADDED ENTRY ELEMENTS (KOHA)
Source of classification or shelving scheme Dewey Decimal Classification
Item type Books
Holdings
Withdrawn status Lost status Source of classification or shelving scheme Damaged status Not for loan Collection code Home library Current library Shelving location Date acquired Source of acquisition Total Checkouts Full call number Barcode Date last seen Copy number Price effective from Koha item type
    Dewey Decimal Classification       Main Library Main Library   19/04/2010 Donation   669.2 PRE 22344 19/04/2013 1 19/04/2013 Books

© 2017 Bishop Stuart University Library. All Rights Reserved.
Kakoba Campus, Plot 150 Buremba Road | P.O. Box 9, Mbarara, UGANDA | Tel: +256-772-463068
Email: library@bsu.ac.ug